000 00268nam a2200109Ia 4500
008 190216s9999||||xx |||||||||||||| ||und||
100 _aKhramkina M N
245 0 _aLaboratory Manual For Organic Sythesis
260 _bMir Pubs Moscow
650 _aChemistry
942 _cBK
999 _c2099
_d2099